College physics
This text develops problem-solving skills. It also: emphasizes conceptual understanding, reinforced by examples; includes applications; and features a treatment that focuses on the essential core material.
Tallennettuna:
| Päätekijä: | |
|---|---|
| Aineistotyyppi: | Kirja |
| Kieli: | Undetermined |
| Julkaistu: |
Reading, Mass.
Addison-Wesley Pub. Co.
1960
|
| Aiheet: | |
| Tagit: |
Lisää tagi
Ei tageja, Lisää ensimmäinen tagi!
|
| Thư viện lưu trữ: | Trung tâm Học liệu Trường Đại học Cần Thơ |
|---|
| LEADER | 00727nam a2200193Ia 4500 | ||
|---|---|---|---|
| 001 | CTU_186442 | ||
| 008 | 210402s9999 xx 000 0 und d | ||
| 082 | |a 530 | ||
| 082 | |b S439 | ||
| 100 | |a Sears, Francis Weston | ||
| 245 | 0 | |a College physics | |
| 245 | 0 | |c by Francis Weston Sears, Mark W. Zemansky | |
| 260 | |a Reading, Mass. | ||
| 260 | |b Addison-Wesley Pub. Co. | ||
| 260 | |c 1960 | ||
| 520 | |a This text develops problem-solving skills. It also: emphasizes conceptual understanding, reinforced by examples; includes applications; and features a treatment that focuses on the essential core material. | ||
| 650 | |a Physics,Vật lý | ||
| 904 | |i Qhieu | ||
| 980 | |a Trung tâm Học liệu Trường Đại học Cần Thơ | ||